000 00681nam a2200217Ia 4500
003 GCL
008 140319s9999 xx 000 0 ara d
040 _aGCL /
_cGCL
082 0 4 _a001.5
_bج ن
100 1 _aجيهان احمد رشتى
245 1 0 _aالنظم الاذاعية فى المجتمعات الغربية /
_cجيهان احمد رشتى
260 _a[S.N] :
_bدار النهضة العربية ،
_c1994
300 _a495 ص
490 _a
650 0 4 _aالاعلام
650 0 4 _aالاذاعة
650 0 4 _aالارسال والاستقبال
650 0 4 _aالدعاية الاذاعية
650 0 4 _aمحطات الاذاعة
942 _2ddc
_cBK
999 _c33353
_d33353